Entry Personal Name
Number of records used in: 4
001 - CONTROL NUMBER
003 - CONTROL NUMBER IDENTIFIER
005 - DATE AND TIME OF LATEST TRANSACTION
- control field:
20160519124517.0
008 - FIXED-LENGTH DATA ELEMENTS
- fixed length control field:
160519|| aca||aabn | a|a d
040 ## - CATALOGING SOURCE
- Original cataloging agency:
OSt
- Transcribing agency:
OSt
100 ## - HEADING--PERSONAL NAME
- Personal name:
Mithani/D.M. Dr.
670 ## - SOURCE DATA FOUND
- Source citation:
Work cat.: (OSt): Mithani/D.M. Dr., Managerial Economics, 2010